A study of the echocardiographic findings in the septic neonates / (رقم التسجيلة. 58401)
[ عرض عادي ]
| 000 -LEADER | |
|---|---|
| fixed length control field | 01709cam a2200349 a 4500 |
| 003 - CONTROL NUMBER IDENTIFIER | |
| control field | EG-GiCUC |
| 005 - DATE AND TIME OF LATEST TRANSACTION | |
| control field | 20250223031607.0 |
| 008 - FIXED-LENGTH DATA ELEMENTS--GENERAL INFORMATION | |
| fixed length control field | 161101s2016 ua d f m 000 0 eng d |
| 040 ## - CATALOGING SOURCE | |
| Original cataloging agency | EG-GiCUC |
| Language of cataloging | eng |
| Transcribing agency | EG-GiCUC |
| 041 0# - LANGUAGE CODE | |
| Language code of text/sound track or separate title | eng |
| 049 ## - LOCAL HOLDINGS (OCLC) | |
| Holding library | Deposite |
| 097 ## - Thesis Degree | |
| Thesis Level | M.Sc |
| 099 ## - LOCAL FREE-TEXT CALL NUMBER (OCLC) | |
| Classification number | Cai01.11.28.M.Sc.2016.Di.S |
| 100 0# - MAIN ENTRY--PERSONAL NAME | |
| Personal name | Dina Nabil Adib Antoun |
| 245 12 - TITLE STATEMENT | |
| Title | A study of the echocardiographic findings in the septic neonates / |
| Statement of responsibility, etc. | Dina Nabil Adib Antoun ; Supervised Amr Malash , Inas Abdelsattar , Nouran Fahmy |
| 246 15 - VARYING FORM OF TITLE | |
| Title proper/short title | دراسة الموجات الصوتية فى الأطفال حديثى الولادة المصابين بمرض التسمم فى الدم |
| 260 ## - PUBLICATION, DISTRIBUTION, ETC. | |
| Place of publication, distribution, etc. | Cairo : |
| Name of publisher, distributor, etc. | Dina Nabil Adib Antoun , |
| Date of publication, distribution, etc. | 2016 |
| 300 ## - PHYSICAL DESCRIPTION | |
| Extent | 161 P. : |
| Other physical details | charts ; |
| Dimensions | 25cm |
| 502 ## - DISSERTATION NOTE | |
| Dissertation note | Thesis (M.Sc.) - Cairo University - Faculty of Medicine - Department of Pediatrics |
| 520 ## - SUMMARY, ETC. | |
| Summary, etc. | Neonatal sepsis is an important cause of morbidity and mortality as a result of multiple organ system failure. Transthoracic echocardiography could detect cardiac affection in cases of neonatal sepsis. Cardiovascular involvement may take the form of defective left ventricular diastolic function and impaired global left ventricular function as evidenced by increase of the myocardial performance index (MPI) |
| 530 ## - ADDITIONAL PHYSICAL FORM AVAILABLE NOTE | |
| Additional physical form available note | Issued also as CD |
| 653 #4 - INDEX TERM--UNCONTROLLED | |
| Uncontrolled term | Pediatrics |
| 653 #4 - INDEX TERM--UNCONTROLLED | |
| Uncontrolled term | The echocardiographic findings |
| 653 #4 - INDEX TERM--UNCONTROLLED | |
| Uncontrolled term | The septic neonates |
| 700 0# - ADDED ENTRY--PERSONAL NAME | |
| Personal name | Amr Malash , |
| Relator term | |
| 700 0# - ADDED ENTRY--PERSONAL NAME | |
| Personal name | Inas Abdelsattar , |
| Relator term | |
| 700 0# - ADDED ENTRY--PERSONAL NAME | |
| Personal name | Nouran Fahmy , |
| Relator term | |
| 856 ## - ELECTRONIC LOCATION AND ACCESS | |
| Uniform Resource Identifier | <a href="http://172.23.153.220/th.pdf">http://172.23.153.220/th.pdf</a> |
| 905 ## - LOCAL DATA ELEMENT E, LDE (RLIN) | |
| Cataloger | Nazla |
| Reviser | Revisor |
| 905 ## - LOCAL DATA ELEMENT E, LDE (RLIN) | |
| Cataloger | Samah |
| Reviser | Cataloger |
| 942 ## - ADDED ENTRY ELEMENTS (KOHA) | |
| Source of classification or shelving scheme | Dewey Decimal Classification |
| Koha item type | Thesis |
| Source of classification or shelving scheme | Not for loan | Home library | Current library | Date acquired | Full call number | Barcode | Date last seen | Koha item type | Copy number |
|---|---|---|---|---|---|---|---|---|---|
| Dewey Decimal Classification | المكتبة المركزبة الجديدة - جامعة القاهرة | قاعة الرسائل الجامعية - الدور الاول | 11.02.2024 | Cai01.11.28.M.Sc.2016.Di.S | 01010110069993000 | 22.09.2023 | Thesis | ||
| Dewey Decimal Classification | المكتبة المركزبة الجديدة - جامعة القاهرة | مخـــزن الرســائل الجـــامعية - البدروم | 11.02.2024 | Cai01.11.28.M.Sc.2016.Di.S | 01020110069993000 | 22.09.2023 | CD - Rom | 69993.CD |